Final de Champions League 2011 Barcelona - Manchester United - Estadísticas

Estadísticas generales
  • Esta prueba ha sido intentada 1.387 veces
    1.380 desde el último reinicio
  • La puntuación promedio es 22 de 38
Estadísticas de respuestas
Hint Respuesta % Correcto
Delantero Messi
97%
Centrocampista Iniesta
96%
Defensa Piqué
96%
Portero Víctor Valdés
96%
Centrocampista Xavi (C)
96%
Defensa Puyol
94%
Centrocampista Busquets
92%
Entrenador Josep Guardiola
90%
Defensa Dani Alves
89%
Delantero Pedro
88%
Delantero Villa
88%
Delantero Rooney
87%
Entrenador Sir Alex Ferguson
83%
Portero van der Sar
83%
Defensa Abidal
80%
Defensa Ferdinand
79%
Centrocampista Scholes
71%
Defensa Vidić (C)
70%
Defensa Evra
66%
Defensa Mascherano
66%
Centrocampista Giggs
59%
Centrocampista Carrick
56%
Centrocampista Nani
49%
Centrocampista Park Ji-Sung
47%
Delantero Bojan Krkić
43%
Delantero Chicharito
36%
Centrocampista Valencia
36%
Centrocampista Keita
31%
Centrocampista Anderson
28%
Defensa Adriano
24%
Defensa Fabio
24%
Centrocampista Thiago
23%
Centrocampista Fletcher
22%
Centrocampista Afellay
18%
Delantero Owen
13%
Defensa Smalling
13%
Portero Kuszczak
9%
Portero Oier
8%
No se encontraron pruebas coincidentes
Distribución de puntuación
Porcentaje de gente con cada puntuación
Porcentaje por número respondido
Historial de tus puntuaciones
No has intentado esta prueba desde el último reinicio